|
|
|
|
| LEADER |
00964nta a2200217 i 4500 |
| 001 |
dipl108133 |
| 005 |
20210305113811.0 |
| 008 |
210305s2020 hu om 0|| zxx d |
| 040 |
|
|
|a SZTE Diploma Repozitórium
|b hun
|
| 041 |
|
|
|a zxx
|
| 100 |
1 |
|
|a Szigeti Máté
|
| 245 |
1 |
3 |
|a Az egészségügyi és oktatási kiadások hatása a kelet-közép-európai országok gazdasági növekedésére 2000-2017 között
|h [elektronikus dokumentum] /
|c Máté Szigeti
|
| 246 |
1 |
0 |
|a The impact of health and education expenditures on economic growth in Central and Eastern European Countries (CEECs) between 2000 and 2017
|h [elektronikus dokumentum]
|
| 260 |
|
|
|c 2020
|
| 650 |
|
4 |
|a Gazdaságtudományok
|
| 650 |
|
4 |
|a Social sciences
|
| 650 |
|
4 |
|a Economics and business
|
| 650 |
|
4 |
|a Economics, econometrics
|
| 650 |
|
4 |
|a Development, economic growth
|
| 700 |
1 |
|
|a Máté Andor
|e ths
|
| 856 |
4 |
0 |
|u http://diploma.bibl.u-szeged.hu/id/eprint/108133/1/2020_szigeti_mate.pdf
|z Dokumentum-elérés
|